Guida al prgetto dell`ambiente cucina

I tiakina i:
Ngā taipitopito rārangi puna kōrero
Kaituhi matua: Centazzo, Gabriele (Author)
Hōputu: Pukapuka
Reo:Itāriana
I whakaputaina: Roma Valcucine 2007
Ngā marau:
Ngā Tūtohu: Tāpirihia he Tūtohu
Kāore He Tūtohu, Me noho koe te mea tuatahi ki te tūtohu i tēnei pūkete!

MARC

LEADER 00000nam a2200000 a 4500
001 UCI1780
003 CL-VaPUC
008 070713e20070000IT |||||||||||||||||ita|d
082 0 4 |a 720  |b CEN  |2 21 
100 0 |a Centazzo, Gabriele  |e author  |9 522443 
245 1 0 |a Guida al prgetto dell`ambiente cucina 
300 |a Pág. irreg 
942 |c BK 
945 |d 20070713 00:00:00  |a jtorresc 
260 |a Roma  |b Valcucine  |c 2007 
650 0 |a Arquitectura  |9 804558 
650 7 |a COCINAS  |2 CL-VaPUC  |9 522445 
650 0 |a Diseño industrial  |9 262726 
583 |a last modification  |c 20070713 00:00:00  |k Rodrigo Vera 
999 |c 326517  |d 326515 
952 |0 0  |1 0  |4 0  |6 720_000000000000000_CEN_2007  |7 0  |8 A  |9 408440  |a BIBARQ  |b BIBARQ  |d 2019-11-22  |i 4351967  |o 720 CEN 2007  |p 4351967  |r 2025-01-20  |w 2019-11-22  |y BK  |k ARQ